000 00434nam a2200169Ia 4500
008 180921t2018 xxu||||| |||| 00| 1 sin d
041 _asin
080 _aX8C31
_bMUN
100 _aMunasingha, Nihal
245 _aපවුලේ වෛද්‍යවරයා
246 _aPawule Vaidyavaraya
260 _bAuthor
_as.i.
_c2018
300 _a464p., 21cm
942 _cBK
999 _c8244
_d8244
003 LK-CoDNM
040 _aLK-CoDNM
_dLK-CoDNM
_eLK-CoDNM